000 00861nam a22002657a 4500
001 BR9212192
003 BR-BrBNA
005 20230928093754.0
007 ta
008 230509b bl.||||| |||| 00| 0 por d
040 _aBR-BrBNA
_bpor
_cBiblioteca Nacional de Agricultura
041 _a(Por)
072 _aQ02; E21
090 _ Q02 BR9212192
110 1 _aFederacao das Industrias do Estado do Parana, Curitiba (Brasil)
_94642
111 1 _a1. Seminario de Agroindustria do Parana
_cCuritiba, PR (Brazil)
_d16-19 Jul 1984
245 1 _a1. Seminario de Agroindustria do Parana; oportunidades para micro, pequena e media empresa. Anais
260 3 _aCuritiba, PR (Brasil):
_c1985.
300 _a293 p.
650 _aIndustria Agricola
650 _aTecnologia de Alimento
650 _aParana
909 _a202309
_bLucia
_c55
_dLucia Elande
942 _cBK
999 _c47011
_d47011